Konkurentom už nie je krajina, ale celý svet
Krajiny, ktoré sa ešte stále snažia dostať z dôsledkov globálnej ekonomickej recesie, sa môžu zčasti premeniť na "mestá duchov", pretože viac ako štvrtina pracovníkov prejavila ochotu presťahovať sa kvôli lepšej práci do zahraničia.
Salvato in:
| Autore principale: | |
|---|---|
| Natura: | Capitolo di libro |
| Lingua: | slovacco |
| Soggetti: | |
| Tags: |
Nessun Tag, puoi essere il primo ad aggiungerne!!
|
MARC
| LEADER | 00000naa a2200000 4500 | ||
|---|---|---|---|
| 001 | 0136108 | ||
| 005 | 20231109070236.2 | ||
| 041 | 0 | |a slo | |
| 044 | |a SK | ||
| 245 | 1 | 0 | |a Konkurentom už nie je krajina, ale celý svet |c Andrea Hinková-Dibarborová |
| 520 | |a Krajiny, ktoré sa ešte stále snažia dostať z dôsledkov globálnej ekonomickej recesie, sa môžu zčasti premeniť na "mestá duchov", pretože viac ako štvrtina pracovníkov prejavila ochotu presťahovať sa kvôli lepšej práci do zahraničia. | ||
| 610 | 2 | 0 | |a globalizácia |
| 610 | 2 | 0 | |a únik mozgov |
| 610 | 2 | 0 | |a pohyb síl pracovných medzinárodný |
| 100 | 1 | |a Hinková-Dibarborová, Andrea | |